00453nam a2200157Ia 450000100060000000800410000602000180004704000130006508200200007810000260009824500900012426000420021430000110025654600070026765000210027451625140503s9999 xx 000 0 und d a9788120334342 cPK-LaUMT a 621.042bSOL-R aSolanki, Chetan Singh aRenewable energy technologiesba practical guide for beginnerscSolanki, Chetan Singh aNew Delhi,India:bPHI Learning,c2012 a153 p. aEN aRenewable energy